000 01046cam a22002895a 4500
001 17991774
003 EG-ScBUE
005 20220428110303.0
008 140109s2014 enka f b 001 0 eng d
020 _a9780199660278 (pbk.)
040 _aBTCTA
_beng
_erda
_cBTCTA
_dUKMGB
_dBDX
_dYDXCP
_dCDX
_dOCLCO
_dLWU
_dOCLCO
_dLTSCA
_dCUS
_dNLGGC
_dUAB
_dDLC
_dEG-ScBUE
082 0 4 _a415
_222
_bKOO
100 1 _aKo, Heejeong,
_eauthor.
_939433
245 1 0 _aEdges in syntax :
_bscrambling and cyclic linearization /
_cHeejeong Ko.
264 1 _aOxford :
_bOxford University Press,
_c2014.
300 _axx, 258 pages :
_billustrations ;
_c24 cm.
336 _2rdacontent
_atext
_btxt
337 _2rdamedia
_aunmediated
_bn
338 _2rdacarrier
_avolume
_bnc
490 0 _aOxford studies in theoretical linguistics ;
_v50
504 _aIncludes bibliographical references and index.
650 7 _aGrammar, Comparative and general
_xSyntax.
_2BUEsh
651 _2BUEsh
653 _cFebruary2016
_bHHUUEENN
655 _vReading book
_934232
942 _2ddc
_cBB
999 _c21233
_d21205